000 00762cam a22002291 4500
001 000007277
005 20200929154123.0
008 720228s1943 nyuab 000 0 eng
010 _a43008674
035 _a(OCoLC)250403
040 _aDO-SdBNP
_cOYU
_dOCoLC
_dDLC
042 _apremarc
050 0 0 _aF1409
_b.T6
100 1 _aTomlinson, Edward,
_d1892-
_920192
245 1 4 _aThe other Americans; :
_bour neighbors to the south, /
_cby Edward Tomlinson.
260 _aNew York,
_aChicago [etc.] :
_bC. Scribner's Sons,
_c[1943].
300 _avi, 456 p. incl. front., illus. (incl. maps) ;
_c22 cm.
651 0 _aLatin America
_xDescription And Travel.
_920193
740 0 _aOur neighbors to the south.
910 _aCatalogación por copia / LC
082 _a918
999 _c7058
_d7058